000 00482nam a2200193Ia 4500
003 OSt
005 20251106130533.0
008 250729s2005 xx 000 0 und d
020 _a978-8183161077
040 _cAL
041 _aeng
082 _a370.1 DASN
100 _aDash B N
_9223997
245 _aNew approaches to teacher & education in the emerging indian society
260 _aHyderabad
_c2005
300 _a559p
650 _aEducation
_9223998
942 _2ddc
_cBED
999 _c236184
_d236184